[Event "FISU World University"]
[Site "Tornelo INT"]
[Date "2020.10.26"]
[Round "3.35"]
[White "Heyworth, Nicholas"]
[Black "Ruiz Olate, Emily Andrea"]
[Result "0-1"]
[WhiteElo "1752"]
[BlackElo "1866"]
[PlyCount "60"]
[EventDate "2020.10.26"]
[EventType "team-swiss (rapid)"]
[EventRounds "9"]
[EventCountry "NET"]
[SourceTitle "CBM 199 Extra"]
[Source "ChessBase"]
[SourceDate "2021.01.31"]
[SourceVersion "1"]
[SourceVersionDate "2021.01.31"]
[SourceQuality "1"]
[WhiteTeam "New Zealand"]
[BlackTeam "Chile IV"]
[WhiteTeamCountry "NZL"]
[BlackTeamCountry "CHI"]

1. e4 c5 2. Nc3 Nc6 3. Bb5 g6 4. Bxc6 bxc6 5. d4 Bg7 6. dxc5 Qa5 7. Nge2 Qxc5 8. Be3 Qb4 9. a3 Qxb2 10. Na4 Qxa1 11. Qxa1 Bxa1 12. c3 Nf6 13. 0-0 Ba6 14. Re1 Bxe2 15. Rxe2 Rb8 16. Re1 Bb2 17. Rb1 0-0 18. Bxa7 Ra8 19. Rxb2 Rxa7 20. Rb4 Rfa8 21. Nc5 Rxa3 22. h3 Rxc3 23. Na4 Rc1+ 24. Kh2 Re1 25. f3 d5 26. exd5 cxd5 27. Nc5 Ra2 28. Nd3 Ree2 29. Kg3 Rxg2+ 30. Kf4 Rae2 0-1

[Event "CHI-ch (Women)"]
[Site "Las Condes"]
[Date "2019.02.17"]
[Round "9"]
[White "Ruiz Olate, Emily Andrea"]
[Black "Urrutia Cordova, Camila Fernanda"]
[Result "1-0"]
[WhiteElo "1892"]
[BlackElo "1694"]
[PlyCount "53"]
[EventDate "2019.02.12"]
[EventType "swiss"]
[EventRounds "9"]
[EventCountry "CHI"]
[SourceTitle "CBM 188 Extra"]
[Source "ChessBase"]
[SourceDate "2019.02.26"]
[SourceVersion "1"]
[SourceVersionDate "2019.02.26"]
[SourceQuality "1"]

1. e4 c5 2. Nc3 d6 3. f4 Nc6 4. Nf3 g6 5. Bc4 Bg7 6. 0-0 e6 7. d3 Nge7 8. Qe1 Nd4 9. Nxd4 cxd4 10. Ne2 a6 11. a4 Rb8 12. f5 gxf5 13. exf5 d5 14. Bb3 exf5 15. Qg3 Ng6 16. Qxb8 Be5 17. Qa7 Qh4 18. g3 Qh3 19. Nf4 Qg4 20. Bxd5 Nh4 21. Ng2 Rg8 22. Nxh4 Qxh4 23. Bf4 Bxf4 24. Rae1+ Kd7 25. Bxb7 Be3+ 26. Rxe3 dxe3 27. Bg2+ 1-0

[Event "Santiago Women of Chile"]
[Site "Santiago de Chile"]
[Date "2016.01.15"]
[Round "7.4"]
[White "Luna Benalcazar, Gianella"]
[Black "Ruiz Olate, Emily Andrea"]
[Result "0-1"]
[WhiteElo "1845"]
[BlackElo "1899"]
[PlyCount "64"]
[EventDate "2016.01.12"]
[EventType "swiss"]
[EventRounds "9"]
[EventCountry "CHI"]
[SourceTitle "EXT 2024"]
[Source "ChessBase"]
[SourceDate "2023.10.10"]
[SourceVersion "1"]
[SourceVersionDate "2023.10.10"]
[SourceQuality "1"]

1. d4 Nf6 2. c4 g6 3. Nc3 Bg7 4. e4 d6 5. Nf3 0-0 6. h3 e5 7. d5 Nbd7 8. Be3 Ne8 9. g4 c6 10. g5 f5 11. h4 fxe4 12. Nxe4 Nb6 13. Bxb6 Qxb6 14. Bh3 Rf4 15. Qe2 cxd5 16. cxd5 Qa5+ 17. Nc3 e4 18. Nd2 Bxc3 19. bxc3 Qxc3 20. Rb1 Bxh3 21. Qe3 Rf3 22. Qxc3 Rxc3 23. Nxe4 Ra3 24. Ng3 Bg2 25. Rh2 Bxd5 26. h5 Rxa2 27. hxg6 hxg6 28. Rh6 Kg7 29. f4 Rg2 30. Nf1 Nc7 31. Rc1 Re8+ 32. Kd1 Bf3# 0-1

[Event "Wch U18 Girls"]
[Site "Al Ain"]
[Date "2013.12.23"]
[Round "7"]
[White "Baraeva, Marina"]
[Black "Ruiz Olate, Emily Andrea"]
[Result "1-0"]
[WhiteElo "2136"]
[BlackElo "1851"]
[PlyCount "51"]
[EventDate "2013.12.18"]
[EventType "swiss"]
[EventRounds "11"]
[EventCountry "UAE"]
[SourceTitle "CBM 158 Extra"]
[Source "ChessBase"]
[SourceDate "2014.02.28"]
[SourceVersion "1"]
[SourceVersionDate "2014.02.28"]
[SourceQuality "1"]

1. d4 Nf6 2. c4 g6 3. Nc3 Bg7 4. e4 d6 5. Be2 0-0 6. Nf3 Nbd7 7. 0-0 e5 8. Be3 Re8 9. d5 Nc5 10. Nd2 a5 11. a3 Bd7 12. b4 axb4 13. axb4 Rxa1 14. Qxa1 Na6 15. Qb2 Ng4 16. Bxg4 Bxg4 17. c5 Qe7 18. c6 Rb8 19. Qa3 Rd8 20. cxb7 Nb8 21. Ba7 Bh6 22. Nc4 Qg5 23. Be3 Qh5 24. Bxh6 Qxh6 25. Qa5 Rd7 26. f3 1-0

[Event "Wch U18 Girls"]
[Site "Al Ain"]
[Date "2013.12.23"]
[Round "11"]
[White "Ruiz Olate, Emily Andrea"]
[Black "Duessler, Stefanie"]
[Result "0-1"]
[WhiteElo "1851"]
[BlackElo "2046"]
[PlyCount "98"]
[EventDate "2013.12.18"]
[EventType "swiss"]
[EventRounds "11"]
[EventCountry "UAE"]
[SourceTitle "CBM 158 Extra"]
[Source "ChessBase"]
[SourceDate "2014.02.28"]
[SourceVersion "1"]
[SourceVersionDate "2014.02.28"]
[SourceQuality "1"]

1. e4 c5 2. Nc3 Nc6 3. f4 g6 4. Bb5 Bg7 5. Nf3 Nd4 6. 0-0 Nxb5 7. Nxb5 d5 8. exd5 a6 9. Nc3 Nf6 10. d3 Nxd5 11. Ne4 Qc7 12. Rb1 0-0 13. Nh4 e6 14. Qf3 Bd7 15. Bd2 Bc6 16. Qg3 Rae8 17. Nf3 b6 18. Qh4 Qd8 19. Qh3 Nb4 20. Nfg5 h6 21. Bc3 f5 22. Nf6+ Rxf6 23. Bxf6 Qxf6 24. Nf3 Bxf3 25. Qxf3 Nxc2 26. Qb7 Ne3 27. Rf3 Qd4 28. Kh1 Qxd3 29. Re1 Qd5 30. Qxb6 Nc2 31. Ref1 Nb4 32. a3 Qc6 33. Qa5 Nd5 34. Rc1 Rc8 35. b3 Bd4 36. Rc4 Ra8 37. Qd2 Qb5 38. Qe1 Re8 39. Qh4 Kg7 40. Rh3 Rh8 41. Rd3 Bf6 42. Qf2 Rc8 43. Qe1 Nxf4 44. Rd6 g5 45. Qd1 Rc7 46. a4 Qb7 47. Qc2 Be7 48. Qc3+ Kf7 49. Rd2 Rd7 0-1

[Event "Pan American-ch U18 Girls 24th"]
[Site "Pocos de Caldas"]
[Date "2013.07.30"]
[Round "7"]
[White "Montilla Reyes, Jorcerys"]
[Black "Ruiz Olate, Emily Andrea"]
[Result "1-0"]
[WhiteElo "2092"]
[BlackElo "1890"]
[PlyCount "83"]
[EventDate "2013.07.26"]
[EventType "swiss"]
[EventRounds "9"]
[EventCountry "BRA"]
[SourceTitle "EXT 2018"]
[Source "ChessBase"]
[SourceDate "2017.10.13"]
[SourceVersion "1"]
[SourceVersionDate "2017.10.13"]
[SourceQuality "1"]

1. d4 Nf6 2. c4 e6 3. Nf3 d5 4. Nc3 Be7 5. e3 0-0 6. Bd3 c6 7. 0-0 Nbd7 8. Qc2 dxc4 9. Bxc4 Nb6 10. Bd3 Nbd5 11. a3 h6 12. Ne5 Nd7 13. Nxd7 Bxd7 14. e4 Nxc3 15. bxc3 c5 16. Be3 Rc8 17. Qb2 Qc7 18. e5 Bc6 19. Qd2 cxd4 20. cxd4 f5 21. Bc4 Bd5 22. Bxd5 exd5 23. Rfc1 Qd7 24. a4 Rc6 25. Rab1 Rg6 26. f4 Ra6 27. a5 Kh7 28. Qc3 Qc6 29. Qb3 Qe6 30. Qxb7 Rxa5 31. Rc6 Qf7 32. Rc7 Re8 33. Qc6 Qh5 34. Qc2 Ra3 35. Bf2 a5 36. h3 Bb4 37. Be1 Bxe1 38. Rxe1 Rg3 39. Kh2 Qg6 40. Rg1 Re6 41. Qf2 Rb3 42. g4 1-0

[Event "Pan American-ch U18 Girls 24th"]
[Site "Pocos de Caldas"]
[Date "2013.07.29"]
[Round "5"]
[White "Ruiz Olate, Emily Andrea"]
[Black "Mendez Tovar, Jessica Yissel"]
[Result "0-1"]
[WhiteElo "1890"]
[BlackElo "1843"]
[PlyCount "98"]
[EventDate "2013.07.26"]
[EventType "swiss"]
[EventRounds "9"]
[EventCountry "BRA"]
[SourceTitle "EXT 2018"]
[Source "ChessBase"]
[SourceDate "2017.10.13"]
[SourceVersion "1"]
[SourceVersionDate "2017.10.13"]
[SourceQuality "1"]

1. e4 c5 2. Nc3 g6 3. f4 Bg7 4. Nf3 Nc6 5. Bb5 Nd4 6. 0-0 Nxb5 7. Nxb5 a6 8. Nc3 e6 9. d3 Ne7 10. Qe1 d6 11. Rb1 0-0 12. Ne2 Nc6 13. Ng3 Nb4 14. Qe2 Nxa2 15. Be3 Nb4 16. Qd2 Nc6 17. f5 exf5 18. exf5 Ne7 19. Nh4 Nd5 20. Bg5 Bf6 21. Bxf6 Qxf6 22. Qh6 Qg7 23. Qg5 Qf6 24. Qh6 g5 25. Qxf6 Nxf6 26. Nf3 h6 27. b4 Nd5 28. bxc5 dxc5 29. Rfe1 b6 30. d4 cxd4 31. Nxd4 b5 32. Re5 Bb7 33. c4 Nf4 34. cxb5 axb5 35. Rexb5 Bxg2 36. Nh5 Nxh5 37. Kxg2 Ra2+ 38. R1b2 Nf4+ 39. Kg3 Rxb2 40. Rxb2 Rd8 41. Ne2 Rd3+ 42. Kg4 Nxe2 43. Rxe2 Rd4+ 44. Kg3 Rf4 45. Re5 Kg7 46. Rb5 Kf6 47. Rb6+ Kg7 48. Rb5 h5 49. h3 Kf6 0-1

[Event "Wch U18 Girls"]
[Site "Al Ain"]
[Date "2013.??.??"]
[Round "1"]
[White "Bivol, Alina"]
[Black "Ruiz Olate, Emily Andrea"]
[Result "1-0"]
[WhiteElo "2236"]
[BlackElo "1851"]
[PlyCount "89"]
[EventDate "2013.12.18"]
[EventType "swiss"]
[EventRounds "11"]
[EventCountry "UAE"]
[SourceTitle "CBM 158 Extra"]
[Source "ChessBase"]
[SourceDate "2014.02.28"]
[SourceVersion "1"]
[SourceVersionDate "2014.02.28"]
[SourceQuality "1"]

1. Nf3 Nc6 2. d4 d5 3. g3 Bg4 4. Bg2 Nf6 5. Ne5 Bh5 6. c4 Nxe5 7. dxe5 Nd7 8. cxd5 Nxe5 9. Qd4 Qd6 10. Nc3 e6 11. Bf4 f6 12. Qa4+ Qd7 13. Qb3 exd5 14. Bxe5 fxe5 15. Qxb7 Rd8 16. Bxd5 Qd6 17. Bc6+ Kf7 18. Rd1 Qe7 19. 0-0 Bg4 20. Nd5 Rxd5 21. Bxd5+ Kf6 22. Qc6+ Be6 23. Qc4 h5 24. h3 Bf5 25. Be4 Qc5 26. Qxc5 Bxc5 27. Bxf5 Kxf5 28. Rd5 Bb6 29. Kg2 Ke6 30. Rfd1 Rf8 31. e3 g6 32. b4 Rg8 33. Rd8 Rxd8 34. Rxd8 Ke7 35. Rd1 Ke6 36. Kf3 a5 37. bxa5 Bxa5 38. Ke4 c6 39. Rc1 Kd6 40. a4 Bb4 41. Rd1+ Ke6 42. Rd8 Be1 43. Re8+ Kf6 44. Rc8 Bxf2 45. a5 1-0